[Event "FIDE World Cup (w)"]
[Site "Khanty-Mansiysk RUS"]
[Date "2012.11.11"]
[Round "1.1"]
[White "Ghaderpour, Shayesteh"]
[Black "Cramling, Pia"]
[Result "0-1"]
[WhiteElo "2219"]
[BlackElo "2516"]
[EventDate "2012.11.11"]
[PlyCount "132"]

1.e4 c5 2.Nf3 e6 3.Nc3 a6 4.g3 b5 5.Bg2 Bb7 6.d3 d6 7.O-O Be7 8.e5 dxe5 9.
Nxe5 Bxg2 10.Kxg2 Nf6 11.Qf3 Ra7 12.a4 b4 13.Ne4 O-O 14.Be3 Rc7 15.Nxf6+ 
Bxf6 16.Nc4 Qd5 17.Bf4 Rb7 18.Bxb8 Rfxb8 19.Rae1 b3 20.c3 Rd7 21.Rd1 Rbd8 
22.Nb6 Qxf3+ 23.Kxf3 Rxd3+ 24.Ke2 R3d6 25.Rxd6 Rxd6 26.Nc4 Rd8 27.Rd1 Rxd1
28.Kxd1 Kf8 29.Ke2 Ke7 30.Kd3 Kd7 31.Nd2 Kc6 32.Kc4 Be7 33.Nxb3 f5 34.Nc1 
g5 35.Nd3 Bd6 36.b4 cxb4 37.Nxb4+ Kb6 38.Nc2 Kc6 39.Nd4+ Kd7 40.Nf3 g4 41.
Nd4 h6 42.Nb3 Kc6 43.Nd4+ Kd7 44.f4 Be7 45.Nb3 Kc6 46.Nd4+ Kd7 47.Nc2 Kc6 
48.Nb4+ Kb6 49.Nd3 Kc6 50.Ne5+ Kc7 51.Nf7 h5 52.Ne5 Kb6 53.Ng6 Bd6 54.Kd4 
Ka5 55.c4 Kb4 56.Nh8 Bf8 57.Nf7 Bg7+ 58.Kd3 Bf6 59.Ng5 e5 60.Nf7 exf4 61.
gxf4 h4 62.Ke3 Kxa4 63.Nd6 Kb4 64.Nxf5 a5 65.Nd6 a4 66.Kd3 a3 0-1

[Event "FIDE World Cup (w)"]
[Site "Khanty-Mansiysk RUS"]
[Date "2012.11.12"]
[Round "1.2"]
[White "Cramling, Pia"]
[Black "Ghaderpour, Shayesteh"]
[Result "1-0"]
[WhiteElo "2516"]
[BlackElo "2219"]
[EventDate "2012.11.11"]
[PlyCount "71"]

1.d4 Nf6 2.Nf3 e6 3.c4 Bb4+ 4.Nbd2 O-O 5.a3 Be7 6.e3 d5 7.Bd3 b6 8.e4 dxe4
9.Nxe4 Bb7 10.Qc2 Nbd7 11.O-O c5 12.Rd1 Qc7 13.Bg5 cxd4 14.Nxd4 Rac8 15.
Nb5 Qe5 16.Nxf6+ Nxf6 17.Bxf6 Bxf6 18.Nd6 Rc7 19.Nxb7 Rxb7 20.Bxh7+ Kh8 
21.Be4 Rc7 22.Rab1 b5 23.Qd3 g6 24.cxb5 Rc5 25.a4 Kg7 26.Bf3 Rh8 27.g3 
Rcc8 28.Qe2 Qf5 29.Bg4 Qg5 30.Rd7 Rc1+ 31.Rxc1 Qxc1+ 32.Kg2 e5 33.Be6 Rf8 
34.Qc4 Qxb2 35.Bxf7 Kh6 36.Qe4 1-0

[Event "FIDE World Cup (w)"]
[Site "Khanty-Mansiysk RUS"]
[Date "2012.11.11"]
[Round "1.1"]
[White "Kosintseva, Tatiana"]
[Black "Davletbaeva, Madina"]
[Result "1/2-1/2"]
[WhiteElo "2515"]
[BlackElo "2220"]
[EventDate "2012.11.11"]
[PlyCount "107"]

1.e4 e5 2.Nf3 Nc6 3.Bb5 a6 4.Ba4 Nf6 5.d3 d6 6.c3 g6 7.O-O Bg7 8.Re1 O-O 
9.Nbd2 Nd7 10.Nf1 Nc5 11.Bxc6 bxc6 12.d4 exd4 13.cxd4 Ne6 14.Be3 Rb8 15.b3
c5 16.Rc1 cxd4 17.Nxd4 Nxd4 18.Bxd4 Re8 19.Bxg7 Kxg7 20.Qd4+ f6 21.Ne3 c5 
22.Qd3 Rb4 23.Nc4 Re6 24.f4 Rb7 25.f5 gxf5 26.exf5 Rxe1+ 27.Rxe1 d5 28.
Qg3+ Kh8 29.Nd6 Rg7 30.Re8+ Qxe8 31.Qxg7+ Kxg7 32.Nxe8+ Kh6 33.Nxf6 Bb7 
34.Kf2 Kg5 35.Nd7 c4 36.f6 Kg6 37.Ke3 c3 38.Nc5 d4+ 39.Kxd4 c2 40.Nd3 Bxg2
41.Kc3 Kxf6 42.Kxc2 Kf5 43.b4 Kg4 44.a4 Ba8 45.Nc5 Bc6 46.a5 Bb5 47.Ne6 h5
48.Nc7 Bf1 49.Nd5 Kh3 50.Nf4+ Kg4 51.Nd5 Kh3 52.Nf4+ Kg4 53.Nd5 Kh3 54.
Nf4+ 1/2-1/2

[Event "FIDE World Cup (w)"]
[Site "Khanty-Mansiysk RUS"]
[Date "2012.11.11"]
[Round "1.1"]
[White "Gunina, Valentina"]
[Black "Gu Xiaobing"]
[Result "1-0"]
[WhiteElo "2517"]
[BlackElo "2209"]
[EventDate "2012.11.11"]
[PlyCount "125"]

1.d4 Nf6 2.Nf3 g6 3.Bg5 Bg7 4.e3 h6 5.Bh4 d6 6.Nbd2 c5 7.c3 b6 8.Bd3 O-O 
9.h3 cxd4 10.exd4 Ba6 11.Bxa6 Nxa6 12.O-O Qd7 13.Re1 Rfe8 14.Nf1 Nc7 15.
Qd2 Kh7 16.Re2 b5 17.Rae1 Ncd5 18.Bxf6 Bxf6 19.Ng3 Rac8 20.h4 h5 21.Re4 a5
22.Ng5+ Kg7 23.Nh3 b4 24.Nf4 Nxf4 25.Rxf4 bxc3 26.bxc3 d5 27.Re3 Rh8 28.
Qe2 Rc6 29.Qb5 Rc7 30.Qxa5 Ra7 31.Qb6 Rxa2 32.Ref3 Rha8 33.Kh2 R2a6 34.Qb1
Qc7 35.Nxh5+ gxh5 36.Rg3+ Kh8 37.Qf5 Bg7 38.Qxh5+ Rh6 39.Qxf7 Rh7 40.Rfg4 
Rg8 41.Qxd5 Rf8 42.Kg1 Qb6 43.Rf3 Rd8 44.Qe4 Bf6 45.Rfg3 Qd6 46.Qf5 Rh6 
47.Rg6 Rh7 48.h5 Ra8 49.f4 Qb6 50.Qd5 Qd8 51.Qf5 Rc8 52.Kh2 Ra8 53.Rd3 Ra5
54.d5 Qc7 55.Rxf6 exf6 56.Qxf6+ Kg8 57.h6 Rf7 58.Rg3+ Kf8 59.Qh8+ Ke7 60.
Re3+ Kd6 61.Qe5+ Kc5 62.d6+ Kb6 63.Qxa5+ 1-0

[Event "FIDE World Cup (w)"]
[Site "Khanty-Mansiysk RUS"]
[Date "2012.11.12"]
[Round "1.2"]
[White "Gu Xiaobing"]
[Black "Gunina, Valentina"]
[Result "0-1"]
[WhiteElo "2209"]
[BlackElo "2517"]
[EventDate "2012.11.11"]
[PlyCount "92"]

1.e4 c6 2.Nc3 d5 3.Nf3 a6 4.d4 Bg4 5.h3 Bh5 6.g4 Bg6 7.exd5 cxd5 8.Ne5 Nc6
9.h4 Nb4 10.Nxg6 hxg6 11.Be3 e6 12.h5 gxh5 13.gxh5 Nf6 14.a3 Nc6 15.Be2 
Qa5 16.Qd2 Bb4 17.Rb1 Bd6 18.Bg5 Be7 19.Kf1 Qb6 20.Be3 Qc7 21.Bf4 Bd6 22.
Bg5 Nh7 23.Be3 Nf6 24.Bf3 Na5 25.Bg5 Nc4 26.Qe2 O-O-O 27.Kg2 Bf4 28.Bh4 g5
29.hxg6 Rhg8 30.Bxf6 Rxg6+ 31.Bg4 Rxf6 32.Rh7 Kb8 33.Rbh1 Rg6 34.Kf1 Bc1 
35.Nd1 Qf4 36.Bh5 Rf6 37.b3 Nd2+ 38.Ke1 Ne4 39.Rg1 Qh2 40.Rhg7 Bd2+ 41.Kf1
Qh3+ 42.R1g2 Rf5 43.Bxf7 Bh6 44.Bxe6 Nd2+ 45.Kg1 Nf3+ 46.Kf1 Bxg7 0-1

[Event "FIDE World Cup (w)"]
[Site "Khanty-Mansiysk RUS"]
[Date "2012.11.12"]
[Round "1.2"]
[White "Sebag, Marie"]
[Black "Berezina-Feldman, Irina"]
[Result "1-0"]
[WhiteElo "2521"]
[BlackElo "2190"]
[EventDate "2012.11.11"]
[PlyCount "91"]

1.e4 g6 2.d4 Bg7 3.Nc3 c6 4.Nf3 d6 5.Be3 Nf6 6.Qd2 b5 7.Bd3 O-O 8.h3 a6 9.
O-O Nbd7 10.Ne2 e5 11.dxe5 dxe5 12.a4 Bb7 13.Ng3 Qe7 14.c4 b4 15.c5 a5 16.
Qc2 Rfd8 17.Rfc1 Ne8 18.Nf1 Nc7 19.N1d2 Ne6 20.Nb3 Bf8 21.Bf1 h5 22.h4 f6 
23.g3 Kh7 24.Bh3 Bc8 25.Kg2 Re8 26.Kh2 Ra7 27.Rd1 Nd4 28.Nbxd4 exd4 29.
Rxd4 Rb7 30.Rd6 b3 31.Qd3 Ne5 32.Nxe5 fxe5 33.Bxc8 Rxc8 34.Rd1 Rcc7 35.Qa6
Qf7 36.Rxc6 Ra7 37.Rxc7 Rxc7 38.Qxa5 Bh6 39.Qd2 Rxc5 40.Qd7 Rc7 41.Qxf7+ 
Rxf7 42.Bb6 g5 43.hxg5 Bxg5 44.Rd3 Kg6 45.Rxb3 h4 46.a5 1-0

[Event "FIDE World Cup (w)"]
[Site "Khanty-Mansiysk RUS"]
[Date "2012.11.11"]
[Round "1.1"]
[White "Lahno, Kateryna"]
[Black "Khaled, Mouna"]
[Result "1-0"]
[WhiteElo "2553"]
[BlackElo "2155"]
[EventDate "2012.11.11"]
[PlyCount "125"]

1.e4 c6 2.d4 d5 3.Nd2 dxe4 4.Nxe4 Nf6 5.Nxf6+ exf6 6.c3 Bd6 7.Bd3 O-O 8.
Qc2 Re8+ 9.Ne2 g6 10.Be3 f5 11.O-O-O Qc7 12.c4 Be6 13.g3 b5 14.c5 Bf8 15.
Nf4 Bh6 16.d5 cxd5 17.Bxb5 Rc8 18.Kb1 Bxf4 19.gxf4 Qa5 20.Qa4 Qxa4 21.Bxa4
Nc6 22.Bxc6 Rxc6 23.Bd4 Rb8 24.b3 Rb5 25.Kc2 Rc8 26.Kc3 a5 27.a3 Kf8 28.b4
a4 29.Be5 Ke7 30.Kd4 Kd7 31.Bd6 Kc6 32.Ke5 Rb7 33.Kf6 Re8 34.Rhe1 Rg8 35.
h4 h5 36.Rd4 Re8 37.Re5 Rg8 38.Kg5 Rh8 39.Re3 Re8 40.Be5 Rg8 41.Rc3 Rb5 
42.Rd2 Re8 43.Rg3 Rb7 44.Bd6 Bd7 45.Rgd3 Be6 46.Rd4 Rb5 47.Kf6 Rg8 48.Re2 
Re8 49.Kg7 Ra8 50.Rd1 Rb7 51.Kf6 Re8 52.Rde1 Rg8 53.Ke5 Re8 54.Kd4 Kd7 55.
Re5 Rb5 56.R1e3 f6 57.Rxe6 Rxe6 58.c6+ Kxd6 59.c7 Rxe3 60.c8=Q Re4+ 61.Kd3
Rxf4 62.Qd8+ Kc6 63.Qe8+ 1-0

[Event "FIDE World Cup (w)"]
[Site "Khanty-Mansiysk RUS"]
[Date "2012.11.12"]
[Round "1.2"]
[White "Khaled, Mouna"]
[Black "Lahno, Kateryna"]
[Result "0-1"]
[WhiteElo "2155"]
[BlackElo "2553"]
[EventDate "2012.11.11"]
[PlyCount "66"]

1.d4 Nf6 2.Nf3 g6 3.Bf4 Bg7 4.e3 d6 5.Be2 O-O 6.h3 Nbd7 7.O-O b6 8.c4 Bb7 
9.Nc3 Ne4 10.Nxe4 Bxe4 11.Qd2 e5 12.Bh2 exd4 13.exd4 Re8 14.Rac1 a5 15.
Rfd1 h6 16.b3 Qe7 17.Re1 Qf6 18.Bg3 g5 19.Rcd1 Re7 20.Nh2 Rae8 21.Bh5 Bh7 
22.Ng4 Rxe1+ 23.Rxe1 Rxe1+ 24.Qxe1 Qe6 25.Qxe6 fxe6 26.Be8 Nf6 27.Nxf6+ 
Bxf6 28.c5 Kf8 29.Bc6 Ke7 30.cxb6 cxb6 31.d5 Bb1 32.dxe6 Bxa2 33.Ba4 b5 
0-1

[Event "FIDE World Cup (w)"]
[Site "Khanty-Mansiysk RUS"]
[Date "2012.11.11"]
[Round "1.1"]
[White "Khoudgarian, Natalie"]
[Black "Zhao Xue"]
[Result "0-1"]
[WhiteElo "2138"]
[BlackElo "2565"]
[EventDate "2012.11.11"]
[PlyCount "75"]

1.e4 d6 2.d4 c6 3.Nf3 Bg4 4.Bc4 d5 5.exd5 cxd5 6.Bb5+ Nc6 7.h3 Bxf3 8.Qxf3
Qa5+ 9.Nc3 e6 10.Bd2 Qb6 11.O-O-O Nf6 12.g4 Rc8 13.Rhe1 Be7 14.Bxc6+ Qxc6 
15.Qd3 O-O 16.f4 Bb4 17.g5 Bxc3 18.gxf6 Bxd4 19.fxg7 Rfe8 20.c3 Bf6 21.Kb1
Qc4 22.Be3 a6 23.f5 Qxd3+ 24.Rxd3 Rc4 25.Bf2 Rf4 26.fxe6 Rxe6 27.Rxe6 fxe6
28.Bg3 Rf1+ 29.Kc2 Kxg7 30.b4 b5 31.Bd6 Kg6 32.Rg3+ Kf5 33.Kb3 e5 34.a4 e4
35.axb5 axb5 36.Kc2 h5 37.Re3 h4 38.Bc7 0-1

[Event "FIDE World Cup (w)"]
[Site "Khanty-Mansiysk RUS"]
[Date "2012.11.12"]
[Round "1.2"]
[White "Aliaga Fernandez, Ingrid"]
[Black "Cmilyte, Viktorija"]
[Result "0-1"]
[WhiteElo "2175"]
[BlackElo "2524"]
[EventDate "2012.11.11"]
[PlyCount "90"]

1.e4 c5 2.Nf3 d6 3.c4 Bg4 4.Be2 Nc6 5.Nc3 g6 6.d3 Bg7 7.O-O Bxf3 8.Bxf3 
Nf6 9.Be3 Nd7 10.Be2 O-O 11.Qd2 Nd4 12.f4 a6 13.Kh1 Rb8 14.Rab1 b5 15.cxb5
axb5 16.Bxd4 cxd4 17.Nd5 e6 18.Nb4 Rc8 19.f5 Rc5 20.fxe6 fxe6 21.Rxf8+ 
Nxf8 22.Rf1 Qh4 23.g3 Bh6 24.Qe1 Qe7 25.Bg4 Qg5 26.Qe2 Qe3 27.Qf2 Qxf2 28.
Rxf2 Rc1+ 29.Kg2 Be3 30.Rf1 Rc5 31.Rd1 h5 32.Bh3 Bc1 33.b3 Ba3 34.Na6 Rc2+
35.Kh1 g5 36.e5 dxe5 37.Bg2 Bd6 38.a4 b4 39.Be4 Nd7 40.h3 Nf6 41.Bb7 g4 
42.h4 Nd5 43.Rf1 Ne3 44.Rf6 e4 45.Rxe6 Bxg3 0-1

[Event "FIDE World Cup (w)"]
[Site "Khanty-Mansiysk RUS"]
[Date "2012.11.11"]
[Round "1.1"]
[White "Muzicuk, Anna"]
[Black "Mezioud, Amina"]
[Result "1-0"]
[WhiteElo "2586"]
[BlackElo "2055"]
[EventDate "2012.11.11"]
[PlyCount "83"]

1.e4 e5 2.Nf3 Nc6 3.Nc3 Nf6 4.d4 exd4 5.Nxd4 Nxd4 6.Qxd4 d6 7.Bc4 Be7 8.
O-O O-O 9.Bf4 Nh5 10.Be3 Bf6 11.Qd2 g6 12.Nd5 Bg7 13.Bg5 Qd7 14.f3 c6 15.
Ne7+ Kh8 16.Rad1 f6 17.Nxc8 Rfxc8 18.Bh4 g5 19.Bf2 Rd8 20.Bc5 Bf8 21.Bd4 
Bg7 22.g3 h6 23.Qe3 Qe7 24.a4 Re8 25.Qb3 Rf8 26.Be6 f5 27.Bxf5 Bxd4+ 28.
Rxd4 b6 29.Qc3 Ng7 30.Rfd1 Rad8 31.Qxc6 Nxf5 32.exf5 Rf6 33.Re4 Qf7 34.Qc3
Kh7 35.Rde1 Rd7 36.Re8 Qg7 37.R1e6 Rdf7 38.g4 h5 39.Rxf6 Rxf6 40.Re6 Rf7 
41.Qxg7+ Kxg7 42.Rxd6 1-0

[Event "FIDE World Cup (w)"]
[Site "Khanty-Mansiysk RUS"]
[Date "2012.11.12"]
[Round "1.2"]
[White "Mezioud, Amina"]
[Black "Muzicuk, Anna"]
[Result "0-1"]
[WhiteElo "2055"]
[BlackElo "2586"]
[EventDate "2012.11.11"]
[PlyCount "58"]

1.e4 c5 2.Nf3 e6 3.d4 cxd4 4.Nxd4 a6 5.Nc3 b5 6.a3 Bb7 7.Bd3 d6 8.Be3 Nf6 
9.O-O Nbd7 10.Qe2 Be7 11.f4 Rc8 12.Rad1 Qc7 13.h3 Qb8 14.Kh1 O-O 15.Rfe1 
g6 16.Qf2 Rxc3 17.bxc3 Nc5 18.Nf5 exf5 19.Bxc5 dxc5 20.exf5 Bd6 21.Qh4 Kg7
22.Rf1 c4 23.Be2 Be4 24.Rd2 Bxf5 25.Bg4 Bxf4 26.Rd4 g5 27.Qf2 Ne4 28.Rxe4 
Bxe4 29.Qd4+ Qe5 0-1

[Event "FIDE World Cup (w)"]
[Site "Khanty-Mansiysk RUS"]
[Date "2012.11.11"]
[Round "1.1"]
[White "Frick, Denise"]
[Black "Humpy, Koneru"]
[Result "0-1"]
[WhiteElo "1871"]
[BlackElo "2610"]
[EventDate "2012.11.11"]
[PlyCount "100"]

1.e4 c5 2.Nf3 e6 3.d4 cxd4 4.Nxd4 a6 5.Bd3 Qc7 6.O-O Nf6 7.c4 Be7 8.Nc3 d6
9.Kh1 b6 10.f4 Bb7 11.Qe2 Nbd7 12.f5 e5 13.Nf3 O-O 14.Rg1 Nc5 15.Bc2 b5 
16.Nd5 Nxd5 17.cxd5 b4 18.g4 Rfc8 19.g5 g6 20.f6 Bd8 21.Qf2 Qd7 22.Qh4 Qe8
23.Rg3 Kh8 24.Rh3 Qg8 25.Bd2 a5 26.Rg1 Rc7 27.Qh6 Bc8 28.Rhg3 Nd7 29.Ba4 
Nc5 30.Bc2 Rb8 31.b3 Ba6 32.Nh4 Nd7 33.Bd1 Qf8 34.Qxf8+ Nxf8 35.Ng2 Nd7 
36.h4 h5 37.Re1 Nc5 38.Ree3 Rcc8 39.Kh2 Bb6 40.Kh3 Nd7 41.Ref3 Bd4 42.Ne3 
Nc5 43.Bc2 Be2 44.Rf2 Nd3 45.Rxe2 Nf4+ 46.Kh2 Nxe2 47.Rg2 Bxe3 48.Bd1 Bxd2
49.Bxe2 Bf4+ 50.Kg1 Rc1+ 0-1

[Event "FIDE World Cup (w)"]
[Site "Khanty-Mansiysk RUS"]
[Date "2012.11.12"]
[Round "1.2"]
[White "Humpy, Koneru"]
[Black "Frick, Denise"]
[Result "1-0"]
[WhiteElo "2610"]
[BlackElo "1871"]
[EventDate "2012.11.11"]
[PlyCount "51"]

1.d4 d5 2.c4 c6 3.Nf3 Nf6 4.e3 e6 5.Bd3 Nbd7 6.b3 b6 7.Bb2 Bd6 8.Nbd2 Bb7 
9.O-O O-O 10.Ne5 Qe7 11.f4 c5 12.cxd5 cxd4 13.Nxd7 Nxd7 14.Bxd4 exd5 15.
Qh5 g6 16.Rf3 f5 17.Rg3 Qe6 18.Nf3 Bc5 19.Qh6 Bxd4 20.Nxd4 Qf6 21.Bxf5 Qe7
22.Bxg6 Kh8 23.Nf5 Rxf5 24.Bxf5 Nf6 25.Rc1 Rf8 26.Rc7 1-0

[Event "FIDE World Cup (w)"]
[Site "Khanty-Mansiysk RUS"]
[Date "2012.11.11"]
[Round "1.1"]
[White "Hou Yifan"]
[Black "Ranasinghe, Sachini"]
[Result "1-0"]
[WhiteElo "2606"]
[BlackElo "1821"]
[EventDate "2012.11.11"]
[PlyCount "47"]

1.e4 e6 2.d4 d5 3.Nc3 Nf6 4.e5 Nfd7 5.f4 c5 6.Nf3 Nc6 7.Be3 a6 8.Qd2 b5 9.
a3 g5 10.fxg5 cxd4 11.Nxd4 Ncxe5 12.Bd3 Bg7 13.O-O Bb7 14.Nce2 Qe7 15.Ng3 
Nxd3 16.cxd3 Rg8 17.Ngf5 Qf8 18.Nxg7+ Qxg7 19.Rac1 Qe5 20.Qf2 Qg7 21.Rc7 
Bc8 22.Rfc1 Kd8 23.Qc2 Ke7 24.Qc5+ 1-0

[Event "FIDE World Cup (w)"]
[Site "Khanty-Mansiysk RUS"]
[Date "2012.11.12"]
[Round "1.2"]
[White "Ranasinghe, Sachini"]
[Black "Hou Yifan"]
[Result "0-1"]
[WhiteElo "1821"]
[BlackElo "2606"]
[EventDate "2012.11.11"]
[PlyCount "84"]

1.e4 c5 2.c3 g6 3.Nf3 Bg7 4.d4 cxd4 5.Nxd4 Nc6 6.Be3 Nf6 7.Nd2 O-O 8.Be2 
Qc7 9.f4 d6 10.O-O Bd7 11.Qe1 a6 12.Qh4 b5 13.Rac1 Rac8 14.Nxc6 Bxc6 15.
Bf3 Qb7 16.Rce1 Nxe4 17.Nxe4 Bxe4 18.Bxe4 Qxe4 19.Bc1 Bf6 20.Qh6 Qf5 21.
Rf3 Bg7 22.Qh4 e6 23.g4 Qf6 24.g5 Qd8 25.Qg4 b4 26.Bd2 d5 27.Kg2 bxc3 28.
Bxc3 d4 29.Bb4 Rc2+ 30.Rf2 Rxf2+ 31.Kxf2 Re8 32.Qf3 Qb6 33.Ba3 d3+ 34.Kg3 
Rd8 35.Rd1 Qb5 36.Be7 Rd5 37.a4 Qd7 38.Ba3 h6 39.h4 hxg5 40.hxg5 e5 41.Kg2
exf4 42.Qxf4 Qd8 0-1

[Event "FIDE World Cup (w)"]
[Site "Khanty-Mansiysk RUS"]
[Date "2012.11.14"]
[Round "2.1"]
[White "Humpy, Koneru"]
[Black "Zhukova, Natalia"]
[Result "0-1"]
[WhiteElo "2610"]
[BlackElo "2451"]
[EventDate "2012.11.11"]
[PlyCount "74"]

1.d4 d5 2.c4 e6 3.Nc3 c5 4.cxd5 exd5 5.Nf3 Nc6 6.g3 Nf6 7.Bg2 Be7 8.O-O 
O-O 9.Bg5 c4 10.Ne5 Be6 11.Nxc6 bxc6 12.b3 Rc8 13.Na4 Qa5 14.e3 Rfd8 15.
Bxf6 gxf6 16.Qh5 c5 17.dxc5 Bxc5 18.Nxc5 Qxc5 19.Rfd1 c3 20.Rac1 c2 21.Rd2
Qc3 22.Qe2 Bf5 23.Rd4 Qb2 24.Qd2 Qxa2 25.e4 Bg6 26.f4 Qxb3 27.exd5 Qb2 28.
Rb4 Qxc1+ 29.Qxc1 Rb8 30.Be4 Rxb4 31.Bxc2 Rc4 32.f5 Bxf5 33.Qf1 Rxc2 34.
Qxf5 Rd2 35.Qg4+ Kh8 36.Qf4 R8xd5 37.Qxf6+ Kg8 0-1

[Event "FIDE World Cup (w)"]
[Site "Khanty-Mansiysk RUS"]
[Date "2012.11.14"]
[Round "2.1"]
[White "Socko, Monika"]
[Black "Hou Yifan"]
[Result "0-1"]
[WhiteElo "2445"]
[BlackElo "2606"]
[EventDate "2012.11.11"]
[PlyCount "78"]

1.d4 Nf6 2.c4 e6 3.Nf3 b6 4.a3 Ba6 5.Qb3 Be7 6.Nc3 c5 7.d5 exd5 8.cxd5 O-O
9.e4 Bxf1 10.Kxf1 d6 11.h3 Nbd7 12.Be3 a6 13.Kg1 b5 14.Qc2 Re8 15.Ne2 Bf8 
16.Ng3 g6 17.Kh2 Bg7 18.Rhe1 Rc8 19.Rad1 c4 20.Kh1 Nc5 21.Bxc5 Rxc5 22.Re2
h5 23.b4 Rc8 24.e5 dxe5 25.Nxe5 h4 26.Nc6 Qd7 27.Nf1 Nxd5 28.Red2 Qxc6 29.
Rxd5 Qf6 30.Ne3 Qb2 31.a4 Qxc2 32.Nxc2 bxa4 33.Ra5 Re2 34.Ne3 c3 35.Rc5 
Rb8 36.Rc4 a3 37.Kg1 a2 38.Ra1 c2 39.Kf1 Rxe3 0-1

[Event "FIDE World Cup (w)"]
[Site "Khanty-Mansiysk RUS"]
[Date "2012.11.14"]
[Round "2.1"]
[White "Ushenina, Anna"]
[Black "Muzicuk, Anna"]
[Result "1/2-1/2"]
[WhiteElo "2452"]
[BlackElo "2586"]
[EventDate "2012.11.11"]
[PlyCount "94"]

1.d4 e6 2.c4 Bb4+ 3.Nc3 f5 4.Qb3 Qe7 5.a3 Bxc3+ 6.Qxc3 b6 7.Nh3 Nf6 8.f3 
d6 9.e3 e5 10.dxe5 Qxe5 11.Qxe5+ dxe5 12.b4 Be6 13.Bb2 Nbd7 14.Nf2 Kf7 15.
Rc1 c5 16.Nd3 e4 17.Ne5+ Nxe5 18.Bxe5 Rac8 19.Be2 Rhd8 20.Rf1 exf3 21.gxf3
cxb4 22.axb4 Nd5 23.Ra1 Nxe3 24.Rxa7+ Rd7 25.Rg1 g6 26.Rxd7+ Bxd7 27.c5 
bxc5 28.Kd2 Nd5 29.bxc5 Rxc5 30.Rc1 Rxc1 31.Kxc1 Be6 32.Kd2 g5 33.Ke1 Ne7 
34.Kf2 Ng6 35.Bc3 Bd5 36.Kg3 h5 37.Bd2 Kf6 38.Bc3+ Ke6 39.Bd2 f4+ 40.Kf2 
Nh4 41.Ba5 Ke7 42.Bb4+ Kf7 43.Ba5 Kg6 44.Bd3+ Kg7 45.Be2 Nf5 46.Bd8 Kh6 
47.Bb6 Nd6 1/2-1/2

[Event "FIDE World Cup (w)"]
[Site "Khanty-Mansiysk RUS"]
[Date "2012.11.15"]
[Round "2.2"]
[White "Muzicuk, Anna"]
[Black "Ushenina, Anna"]
[Result "1/2-1/2"]
[WhiteElo "2586"]
[BlackElo "2452"]
[EventDate "2012.11.11"]
[PlyCount "31"]

1.e4 c5 2.Nf3 d6 3.d4 cxd4 4.Nxd4 Nf6 5.Nc3 a6 6.Be3 e6 7.f3 b5 8.Qd2 Nbd7
9.O-O-O h5 10.Bd3 Bb7 11.h3 h4 12.Bf2 Be7 13.Kb1 Qc7 14.Rhe1 Rb8 15.Bf1 
Ba8 16.Nb3 1/2-1/2

[Event "FIDE World Cup (w)"]
[Site "Khanty-Mansiysk RUS"]
[Date "2012.11.15"]
[Round "2.2"]
[White "Lahno, Kateryna"]
[Black "Javakhishvili, Lela"]
[Result "0-1"]
[WhiteElo "2553"]
[BlackElo "2455"]
[EventDate "2012.11.11"]
[PlyCount "146"]

1.e4 c5 2.Nf3 e6 3.d4 cxd4 4.Nxd4 a6 5.Bd3 Bc5 6.Nb3 Be7 7.Qg4 g6 8.Qe2 d6
9.O-O Nd7 10.Na3 Ne5 11.f4 Nxd3 12.cxd3 Nf6 13.Be3 a5 14.Nc4 a4 15.Bb6 Qd7
16.Bd4 Ra6 17.Nbd2 O-O 18.Rac1 b5 19.Nb6 Qb7 20.e5 Nd5 21.exd6 Bf6 22.Nxd5
Bxd4+ 23.Ne3 Qa7 24.Rfe1 Rxd6 25.Nf3 Bg7 26.d4 Bb7 27.Nc2 b4 28.b3 Bxf3 
29.Qxf3 Bxd4+ 30.Nxd4 Qxd4+ 31.Qf2 axb3 32.axb3 Ra8 33.Rc4 Qd2 34.Rc2 Qd3 
35.Qc5 Qd4+ 36.Qxd4 Rxd4 37.Rc4 Rd2 38.Kh1 Rb8 39.Kg1 Ra8 40.Kh1 Rb8 41.
Kg1 Rd3 42.Rb1 Kg7 43.Rb2 Rc3 44.Rd4 Rb7 45.Kf2 h6 46.Ke2 Kf6 47.Kd2 Rc5 
48.Rc2 Ra5 49.Ke3 g5 50.Rcc4 Ra3 51.Rxb4 Rxb3+ 52.Rxb3 Rxb3+ 53.Kf2 g4 54.
Rd7 h5 55.Ra7 h4 56.g3 Rb2+ 57.Kg1 h3 58.Ra1 Rg2+ 59.Kh1 Re2 60.Kg1 Rg2+ 
61.Kh1 Re2 62.Kg1 Kf5 63.Ra5+ Ke4 64.Ra4+ Kf3 65.Ra3+ Re3 66.Ra1 Rc3 67.
Re1 Rc2 68.f5 e5 69.f6 e4 70.Ra1 Rg2+ 71.Kh1 Rd2 72.Rf1+ Ke2 73.Rf2+ Kd3 
0-1

[Event "FIDE World Cup (w)"]
[Site "Khanty-Mansiysk RUS"]
[Date "2012.11.14"]
[Round "2.1"]
[White "Kosintseva, Nadezhda"]
[Black "Mkrtchian, Lilit"]
[Result "1/2-1/2"]
[WhiteElo "2539"]
[BlackElo "2457"]
[EventDate "2012.11.11"]
[PlyCount "99"]

1.e4 e6 2.d4 d5 3.Nc3 Bb4 4.e5 c5 5.a3 Bxc3+ 6.bxc3 Qa5 7.Bd2 Qa4 8.Qb1 c4
9.Ne2 Nc6 10.g3 Bd7 11.Nf4 O-O-O 12.Bg2 f5 13.O-O g5 14.Ne2 h6 15.h4 gxh4 
16.gxh4 Nge7 17.Kh2 Rdg8 18.h5 Qa5 19.Bf3 Qd8 20.Nf4 Rg5 21.Rg1 Rhg8 22.
Rg3 Qe8 23.Qb2 Nd8 24.Rag1 Nf7 25.Nh3 Rxg3 26.Rxg3 Rxg3 27.fxg3 Qg8 28.Qc1
Qg7 29.Bf4 b6 30.Qe3 Be8 31.Bd1 Ng8 32.Nf2 Ng5 33.g4 fxg4 34.Bxg4 Bf7 35.
Kg3 Nh7 36.Kh2 Ng5 37.Bxg5 hxg5 38.Kg3 Nh6 39.Nh3 Nxg4 40.Kxg4 Qh7 41.Qxg5
Qxc2 42.Nf4 Qd1+ 43.Kh4 Qh1+ 44.Kg3 Qe1+ 45.Kg4 Qg1+ 46.Kh4 Qh1+ 47.Kg3 
Qe1+ 48.Kg4 Qg1+ 49.Kh4 Qh1+ 50.Kg3 1/2-1/2

[Event "FIDE World Cup (w)"]
[Site "Khanty-Mansiysk RUS"]
[Date "2012.11.15"]
[Round "2.2"]
[White "Mkrtchian, Lilit"]
[Black "Kosintseva, Nadezhda"]
[Result "1/2-1/2"]
[WhiteElo "2457"]
[BlackElo "2539"]
[EventDate "2012.11.11"]
[PlyCount "35"]

1.c4 c5 2.Nf3 Nc6 3.Nc3 g6 4.e3 Nf6 5.d4 cxd4 6.exd4 d5 7.cxd5 Nxd5 8.Qb3 
e6 9.Bb5 Bg7 10.O-O O-O 11.Nxd5 Qxd5 12.Qxd5 exd5 13.Bxc6 bxc6 14.Bf4 f6 
15.Rfc1 Bd7 16.Nd2 Rfe8 17.Nb3 Bf8 18.Nc5 1/2-1/2

[Event "FIDE World Cup (w)"]
[Site "Khanty-Mansiysk RUS"]
[Date "2012.11.16"]
[Round "2.3"]
[White "Mkrtchian, Lilit"]
[Black "Kosintseva, Nadezhda"]
[Result "1-0"]
[WhiteElo "2457"]
[BlackElo "2539"]
[EventDate "2012.11.11"]
[PlyCount "127"]

1.c4 e5 2.Nc3 Nf6 3.Nf3 Nc6 4.g3 d5 5.cxd5 Nxd5 6.Bg2 Nb6 7.O-O Be7 8.a3 
O-O 9.b4 Be6 10.d3 Nd4 11.Bb2 Nxf3+ 12.Bxf3 c6 13.b5 cxb5 14.Nxb5 Qd7 15.
a4 a6 16.Nc3 f6 17.a5 Nd5 18.d4 Nxc3 19.Bxc3 Rac8 20.Bb2 Qb5 21.Qb1 Bd5 
22.Bxd5+ Qxd5 23.dxe5 fxe5 24.Ba3 Bxa3 25.Rxa3 Rfd8 26.Rb3 Qxa5 27.Rxb7 
Qd5 28.Re7 Rf8 29.Qa1 Rce8 30.Rxe8 Rxe8 31.Qxa6 h6 32.Rc1 Re6 33.Qc8+ Kh7 
34.Qc2+ e4 35.Rd1 Qf5 36.Qc3 Re7 37.Qd4 Qb5 38.Qe3 Qe5 39.Rd4 Re6 40.Rd7 
Re8 41.Kg2 Re6 42.h4 Re8 43.Rd4 Re6 44.Rc4 Re7 45.Rc5 Qd6 46.Rc4 Qe5 47.
Qd4 Qxd4 48.Rxd4 Kg6 49.Rd5 Kf6 50.g4 Ra7 51.Kg3 Ke6 52.Rb5 Rf7 53.Ra5 Rb7
54.Kf4 Rf7+ 55.Rf5 Ra7 56.Kxe4 Ra2 57.Kf3 Ra4 58.Rb5 Kf6 59.h5 Ke6 60.e4 
Ra2 61.Ke3 Rc2 62.f3 Ra2 63.Kf4 Rc2 64.Rb7 1-0

[Event "FIDE World Cup (w)"]
[Site "Khanty-Mansiysk RUS"]
[Date "2012.11.16"]
[Round "2.6"]
[White "Mkrtchian, Lilit"]
[Black "Kosintseva, Nadezhda"]
[Result "1/2-1/2"]
[WhiteElo "2457"]
[BlackElo "2539"]
[EventDate "2012.11.11"]
[PlyCount "62"]

1.c4 e5 2.Nc3 Nf6 3.Nf3 Nc6 4.g3 d5 5.cxd5 Nxd5 6.Bg2 Nb6 7.O-O Be7 8.a3 
O-O 9.b4 Be6 10.d3 Nd4 11.Bb2 Nxf3+ 12.Bxf3 c6 13.Rb1 f6 14.Ba1 Nd5 15.Ne4
b6 16.Qa4 Qd7 17.Rfc1 Rac8 18.Qc2 Kh8 19.Rd1 Bg4 20.Bg2 Bh3 21.Bh1 Be6 22.
Nd2 c5 23.b5 Qe8 24.Nc4 Qh5 25.Bg2 Rcd8 26.Rf1 Bh3 27.e4 Bxg2 28.Kxg2 Nf4+
29.gxf4 Qg4+ 30.Kh1 Qf3+ 31.Kg1 Qg4+ 1/2-1/2

[Event "FIDE World Cup (w)"]
[Site "Khanty-Mansiysk RUS"]
[Date "2012.11.16"]
[Round "2.4"]
[White "Zhao Xue"]
[Black "Khurtsidze, Nino"]
[Result "1/2-1/2"]
[WhiteElo "2565"]
[BlackElo "2428"]
[EventDate "2012.11.11"]
[PlyCount "84"]

1.d4 g6 2.c4 Bg7 3.Nf3 d6 4.Nc3 Nd7 5.e4 e6 6.Be2 Ne7 7.Be3 b6 8.Qd2 h6 9.
O-O Bb7 10.b4 g5 11.Rab1 O-O 12.d5 Ng6 13.Rfd1 Qe7 14.c5 exd5 15.Nxd5 Bxd5
16.cxd6 Qxe4 17.Qxd5 Qxd5 18.Rxd5 Nf6 19.Rdd1 cxd6 20.Rbc1 Ne4 21.Nd4 d5 
22.Ba6 Ne7 23.Rc7 Bf6 24.Nb5 Nf5 25.Rxd5 Rfd8 26.Rcd7 Rxd7 27.Rxd7 Nxe3 
28.fxe3 Re8 29.Nc7 Re7 30.Rxe7 Bxe7 31.Nd5 Bd6 32.Bd3 f5 33.g4 Kf7 34.gxf5
Nf6 35.Nxf6 Kxf6 36.b5 g4 37.Kg2 h5 38.h3 Kg5 39.hxg4 hxg4 40.e4 Be5 41.
Bc4 Kf4 42.Bd5 Bd4 1/2-1/2

[Event "FIDE World Cup (w)"]
[Site "Khanty-Mansiysk RUS"]
[Date "2012.11.14"]
[Round "2.1"]
[White "Zatonskih, Anna"]
[Black "Ju Wenjun"]
[Result "1/2-1/2"]
[WhiteElo "2489"]
[BlackElo "2501"]
[EventDate "2012.11.11"]
[PlyCount "35"]

1.d4 Nf6 2.Nf3 g6 3.c4 Bg7 4.g3 c6 5.Nc3 d5 6.cxd5 cxd5 7.Ne5 O-O 8.Bg2 
Bf5 9.O-O Ne4 10.Qb3 Nc6 11.Qxd5 Nxc3 12.bxc3 Qxd5 13.Bxd5 Nxe5 14.dxe5 
Bxe5 15.Ba3 Rac8 16.Bxb7 Rxc3 17.Bb2 Rc7 18.Bxe5 1/2-1/2